000 00549nam a2200193Ia 4500
005 20250527160505.0
008 241212s9999 xx 000 0 und d
020 _a9780367684167
_qpbk
041 _aeng
082 _a362.409 CAR
100 _aCarlson, Licia
245 0 _aDefining The Boundaries Of Disability
_c/ Licia Carlson, Matthew C. Murray
250 _aFirst edition
260 _bRoutledge;
_c2021.
_aNew York:
300 _aix; 144p.
_c22cm.
504 _aindex
650 _aSocial welfare problems & services
942 _cENGLISH
999 _c566140
_d566140